|
|
|
|
| LEADER |
02016nam a2200469 i 4500 |
| 001 |
EBC4006785 |
| 003 |
MiAaPQ |
| 005 |
20201020202205.0 |
| 006 |
m o d | |
| 007 |
cr cnu|||||||| |
| 008 |
160120t20122012gw ao ob 000 0 ger d |
| 020 |
|
|
|z 9783110266337
|
| 020 |
|
|
|a 9783110266344 (e-book)
|
| 035 |
|
|
|a (MiAaPQ)EBC4006785
|
| 035 |
|
|
|a (Au-PeEL)EBL4006785
|
| 035 |
|
|
|a (CaPaEBR)ebr11101716
|
| 035 |
|
|
|a (OCoLC)874266051
|
| 040 |
|
|
|a MiAaPQ
|b eng
|e rda
|e pn
|c MiAaPQ
|d MiAaPQ
|
| 050 |
|
4 |
|a CC175
|b .B553 2012
|
| 082 |
0 |
|
|a 930.1
|2 23
|
| 245 |
0 |
0 |
|a Bild - raum - handlung :
|b perspektiven der archaologie /
|c herausgegeben von Ortwin Dally, Susanne Moraw, Hauke Ziemssen.
|
| 264 |
|
1 |
|a Berlin, [Germany] ;
|a Boston, [Massachusetts] :
|b De Gruyter,
|c 2012.
|
| 264 |
|
4 |
|c 2012
|
| 300 |
|
|
|a 1 online resource (260 pages) :
|b illustrations, photographs.
|
| 336 |
|
|
|a text
|2 rdacontent
|
| 337 |
|
|
|a computer
|2 rdamedia
|
| 338 |
|
|
|a online resource
|2 rdacarrier
|
| 490 |
1 |
|
|a Topoi, Berlin Studies of the Ancient World,
|x 2191-5806 ;
|v Volume 11
|
| 504 |
|
|
|a Includes bibliographical references.
|
| 588 |
|
|
|a Description based on print version record.
|
| 590 |
|
|
|a Electronic reproduction. Ann Arbor, MI : ProQuest, 2016. Available via World Wide Web. Access may be limited to ProQuest affiliated libraries.
|
| 650 |
|
0 |
|a Archaeology and art
|v Case studies.
|
| 650 |
|
0 |
|a Excavations (Archaeology)
|v Case studies.
|
| 650 |
|
0 |
|a Art, Ancient
|v Case studies.
|
| 655 |
|
4 |
|a Electronic books.
|
| 700 |
1 |
|
|a Dally, Ortwin,
|e editor.
|
| 700 |
1 |
|
|a Moraw, Susanne,
|e editor.
|
| 700 |
1 |
|
|a Ziemssen, Hauke,
|e editor.
|
| 776 |
0 |
8 |
|i Print version:
|t Bild - raum - handlung : perspektiven der archaologie.
|d Berlin, [Germany] ; Boston, [Massachusetts] : De Gruyter, c2012
|h vi, 254 pages
|k Topoi ; Volume 11.
|z 9783110266337
|w 2012038012
|
| 797 |
2 |
|
|a ProQuest (Firm)
|
| 830 |
|
0 |
|a Topoi ;
|v Volume 2.
|
| 856 |
4 |
0 |
|u https://ebookcentral.proquest.com/lib/matrademy/detail.action?docID=4006785
|z Click to View
|